Normal view
MARC view
Entry Personal Name
001 - CONTROL NUMBER
- control field: 10966
003 - CONTROL NUMBER IDENTIFIER
- control field: OSt
005 - DATE AND TIME OF LATEST TRANSACTION
- control field: 20211006160959.0
008 - FIXED-LENGTH DATA ELEMENTS
- fixed length control field: 211006|| aca||aabn | a|a d
040 ## - CATALOGING SOURCE
- Original cataloging agency: OSt
- Transcribing agency: OSt
100 ## - HEADING--PERSONAL NAME
- Personal name: GENE R.MEDINNUS
670 ## - SOURCE DATA FOUND
- Source citation: Work cat.: (OSt)10135: GENE R.MEDINNUS , CHILD & ADOLESCENT PSYCHOLOGY, 2969